| 000 | 00517cam a2200205ua 4500 | ||
|---|---|---|---|
| 001 | 6808 | ||
| 005 | 20260515114116.0 | ||
| 008 | 140304n ii |||gr||||Z||||||asm | ||
| 040 | _cMAIN | ||
| 082 | _a368 | ||
| 245 |
_aUcchatar madhyamik beema sangathan _cBy Pradeep Borah |
||
| 250 | _a1st ed. | ||
| 260 |
_aGuwahati: _bCouncil for secondary education, _c1992. |
||
| 300 | _ax,222p. | ||
| 653 | _aInsurance | ||
| 653 | _aBeema sangathan | ||
| 653 | _aCommerce | ||
| 700 |
_aBorah,Pradeep, _eAuthor. |
||
| 942 | _cBK | ||
| 999 |
_c5951 _d5951 |
||